01426cam a22002775a 4500001001200000003000400012005001700016008004100033020001500074040009500089043001200184082002000196100003400216245007700250260007000327300003500397490002500432504005100457505039700508650003600905650006200941653002001003942000801023999001701031952010001048ocm10395681OSt20180424134915.0821013t1976 xnaa frb 001 0 eng d a0347011160 aMNUbengcMNUdCLUdUZ0dOCLCGdUKMdNLGGCdGTAdBDXdOCLCQdOCLCFdOCLCQdOCLCOdEG-ScBUE ae-uk---04a658.78222bWAL1 aWalters, David,d1936-93505310aFutures for physical distribution in the food industry /cDavid Walters. aWestmead :bSaxon House ;aLexington :bLexington Books,cc.1976. aviii, 156 p. :bill. ;c24 cm.0 aSaxon House studies. aIncludes bibliographical references and index.0 aThe development of physical distribution management -- Physical distribution management in grocery product manufacturing and retailing: the state of the art in 1972 -- Changes in the retailing environment and their logistics implications 1960-1970 -- Forecasting logistics and retailing changes -- The logistics implications of future changes in grocery retailing -- Recent problems: 1973-75. 7aFood industry and trade.2BUEsh 7aPhysical distribution of goodsxManagement.2BUEsh931013 bGGENcApril2018 2ddc c26587d26559 00102ddc4070aMAINbMAINc1STd2018-04-24l0o658.78 WALp000047664r2025-07-15 00:00:00yBB